The Tree of Countries - Statistics

General Stats
  • This quiz has been taken 1,125 times
  • The average score is 12 of 15
Answers on the Map
Answers color-coded by a green-red scale on the quiz's map according to % correct below.
 
Answer Stats
Country % Correct
China
98%
Spain
97%
Germany
96%
Libya
91%
Kazakhstan
87%
Iran
86%
Turkey
83%
Argentina
82%
Afghanistan
79%
Mauritania
79%
Iceland
76%
Romania
73%
Bolivia
67%
Colombia
67%
Botswana
60%
No matching quizzes found
Score Distribution
Percent of People with Each Score
Percentile by Number Answered
Your Score History
You have not taken this quiz